<?xml version="1.0" encoding="UTF-8"?>
<record
    xmlns:xsi="http://www.w3.org/2001/XMLSchema-instance"
    xsi:schemaLocation="http://www.loc.gov/MARC21/slim http://www.loc.gov/standards/marcxml/schema/MARC21slim.xsd"
    xmlns="http://www.loc.gov/MARC21/slim">

  <leader>00574nam a2200205 a 4500</leader>
  <controlfield tag="001">BRL_579</controlfield>
  <controlfield tag="005">20190320210817.0</controlfield>
  <controlfield tag="008">040913s1909----au-#######---#000-0#ger-#</controlfield>
  <datafield tag="041" ind1=" " ind2=" ">
    <subfield code="a">ger</subfield>
  </datafield>
  <datafield tag="050" ind1=" " ind2="4">
    <subfield code="a">BM669</subfield>
    <subfield code="b">.G78 1909</subfield>
  </datafield>
  <datafield tag="100" ind1="1" ind2=" ">
    <subfield code="a">Grunwald, Max</subfield>
    <subfield code="d">1871-1953</subfield>
    <subfield code="9">24346</subfield>
  </datafield>
  <datafield tag="245" ind1="1" ind2="0">
    <subfield code="a">Beruria</subfield>
    <subfield code="b">Gebete und Andachten f&#xFC;r j&#xFC;dische Frauen und M&#xE4;dchen</subfield>
    <subfield code="c">Max Grunwald</subfield>
  </datafield>
  <datafield tag="260" ind1=" " ind2=" ">
    <subfield code="a">Wien</subfield>
    <subfield code="b">J. Schlesinger</subfield>
    <subfield code="c">1909</subfield>
  </datafield>
  <datafield tag="300" ind1=" " ind2=" ">
    <subfield code="a">319 p.</subfield>
    <subfield code="c">16 cm.</subfield>
  </datafield>
  <datafield tag="500" ind1=" " ind2=" ">
    <subfield code="a">Au638</subfield>
  </datafield>
  <datafield tag="650" ind1="1" ind2="4">
    <subfield code="a">Oraci&#xF3;n</subfield>
    <subfield code="x">Judaismo</subfield>
    <subfield code="9">24347</subfield>
  </datafield>
  <datafield tag="650" ind1="1" ind2="4">
    <subfield code="a">Judaismo</subfield>
    <subfield code="x">Liturgia</subfield>
    <subfield code="9">24348</subfield>
  </datafield>
  <datafield tag="902" ind1=" " ind2=" ">
    <subfield code="a">GRL</subfield>
  </datafield>
  <datafield tag="942" ind1=" " ind2=" ">
    <subfield code="2">lcc</subfield>
    <subfield code="c">B</subfield>
  </datafield>
  <datafield tag="999" ind1=" " ind2=" ">
    <subfield code="c">9391</subfield>
    <subfield code="d">9391</subfield>
  </datafield>
  <datafield tag="952" ind1=" " ind2=" ">
    <subfield code="0">0</subfield>
    <subfield code="1">0</subfield>
    <subfield code="4">0</subfield>
    <subfield code="7">0</subfield>
    <subfield code="a">BRL</subfield>
    <subfield code="b">BRL</subfield>
    <subfield code="d">2013-09-04</subfield>
    <subfield code="i">Au638</subfield>
    <subfield code="l">0</subfield>
    <subfield code="o">BM669 .G78 1909 (Au638)</subfield>
    <subfield code="p">GRL00636</subfield>
    <subfield code="r">2019-03-22 00:00:00</subfield>
    <subfield code="w">2019-03-22</subfield>
    <subfield code="y">B</subfield>
  </datafield>
</record>
